000 00364nam a2200157Ia 4500
008 230718s9999 xx 000 0 und d
041 _aeng
082 _a650.14
_bNEL
100 _aNelson R.
_9113681
245 _aWhat Colour Is Your Parachute
260 _c1997
_bTen Speed
300 _a293
365 _cRs.
700 _aNelson R.
_9113681
906 _cOTH
999 _c297247
_d297247